000 00335nam a22001457a 4500
008 211011b ||||| |||| 00| 0 eng d
020 _a9780323054331
041 _aeng
080 _a616.073
082 _a616.073
100 _a6
101 _aRAD
245 _aComprehensive Review of Radiography
_cCallaway,W.J
942 _2udc
_cBK
999 _c58152
_d58152